| 000 | 01316nam2a2200289 4500 | ||
|---|---|---|---|
| 001 | RU\NLR\BIBL_A\011793241 | ||
| 005 | 20181001135701.0 | ||
| 010 |
_a978-5-906686-76-3 _94000 |
||
| 021 |
_aRU _bКН-П-18-059569 _9КН-П-18-4287 |
||
| 035 | _a(NLR Aleph) 011793241 | ||
| 035 | _a(RuMoRGB)009711368 | ||
| 090 |
_a11833355 _c11833355 |
||
| 100 | _a20180917d2018 e y0rusy50 ca | ||
| 101 | 1 |
_arus _ceng |
|
| 102 | _aRU | ||
| 105 | _aa|||z|||000ay | ||
| 200 | 0 | _aII | |
| 210 | _d2018 | ||
| 215 |
_a125, [2] с. _cил. |
||
| 300 | _aВ аннот. загл.: Иллюзии-II | ||
| 461 | 0 |
_1001RU\NLR\BIBL_A\011805820 _12001#$aИллюзии$eприключения одного ученика, который учеником быть не хотел$fРичард Бах$g[перевод с английского Е. Мирошниченко]$vII _1700#1$aБах$bР.$f1936 -$gРичард$3RU\NLR\AUTH\772184 _911891049 _aБах, Р. (1936 -) _cМосква _d2018 _fРичард Бах _nСофия _oприключения одного ученика, который учеником быть не хотел _tИллюзии _vII |
|
| 517 | 1 | _aИллюзии-II | |
| 942 | _cBOOK | ||
| 980 | _aNB | ||